| 000 | 01793nmm a2200445 a 4500 | ||
|---|---|---|---|
| 001 | ocm0001083700 | ||
| 003 | TR-IsHL | ||
| 005 | 20201028151538.0 | ||
| 008 | 150709s2012 tu tur | ||
| 007 | cr cn | ||
| 020 | _a9789758839933 | ||
| 035 |
_a1083700 _b(N$T) |
||
| 050 | 0 | 4 |
_aPL118 _b.K35 2012 |
| 090 | 0 | 4 |
_aPL118 _b.K35 2012 |
| 100 | 1 | _aKaleli, Fethi Yılmaz | |
| 245 | 1 | 0 |
_aTürkçe ve Japoncanın akrabalığı _h[electronic resource] / _cFethi Yılmaz Kaleli |
| 260 |
_aİstanbul : _bSelenge Yayınları, _c2012 |
||
| 300 | _a281 p. | ||
| 500 |
_aBibliyografya (s. 279-280). _xIn Turkish with examples in Japanese. _x |
||
| 650 | 4 | _aDil ve Edebiyat | |
| 650 | 4 | _aLanguage and Literature | |
| 650 | 0 |
_aTürk dili _xGramer, Karşılaştırmalı _xJaponca |
|
| 650 | 0 |
_aTurkish language _xGrammar, Comparative _xJapanese |
|
| 650 | 0 |
_aJapon dili _xGramer, Karşılaştırmalı _xTürkçe |
|
| 650 | 0 |
_aJapanese language _xGrammar, Comparative _xTurkish |
|
| 650 | 0 | _aİlişkideki diller | |
| 650 | 0 | _aLanguages in contact | |
| 650 | 0 | _aDil ve diller | |
| 650 | 0 | _aLanguage and languages | |
| 650 | 0 |
_aTürk dili _xJaponca üzerine etkisi |
|
| 650 | 0 |
_aTurkish language _xInfluence on Japanese |
|
| 650 | 0 |
_aTürk dili _xYabancı kelimeler ve cümleler _xJaponca |
|
| 650 | 0 |
_aTurkish language _xForeign words and phrases _xJapanese |
|
| 650 | 0 |
_aJapon dili _xTürkçe üzerine etkisi |
|
| 650 | 0 |
_aJapanese language _xInfluence on Turkish |
|
| 650 | 0 |
_aJapon dili _xYabancı kelimeler ve cümleler _xTürkçe |
|
| 650 | 0 |
_aJapanese language _xForeign words and phrases _xTurkish |
|
| 650 | 7 |
_aLANGUAGE ARTS & DISCIPLINES / Linguistics / General _2bisacsh |
|
| 856 | 4 | 0 | _uhttp://search.ebscohost.com/login.aspx?direct=true&scope=site&db=e011xww&AN=1083700 |
| 999 |
_c11060 _d11060 |
||